banner

Historia mundial de la educación: (Registro nro. 1886)

000 -LEADER
fixed length control field 01764nam a2200265 a 4500
003 - CONTROL NUMBER IDENTIFIER
control field AR-BaISA
005 - DATE AND TIME OF LATEST TRANSACTION
control field 20251113113406.0
007 - PHYSICAL DESCRIPTION FIXED FIELD--GENERAL INFORMATION
fixed length control field ta
008 - FIXED-LENGTH DATA ELEMENTS--GENERAL INFORMATION
fixed length control field 251112s2010 ag ad||f |||| 001 0 spa d
020 ## - INTERNATIONAL STANDARD BOOK NUMBER
International Standard Book Number 9789871716074 (Tomo I)
020 ## - INTERNATIONAL STANDARD BOOK NUMBER
International Standard Book Number 9789871716081 (Tomo II)
040 ## - CATALOGING SOURCE
Language of cataloging spa
Transcribing agency AR-BaISA
082 04 - DEWEY DECIMAL CLASSIFICATION NUMBER
Edition number 22
Classification number 370.9 M58
245 00 - TITLE STATEMENT
Title Historia mundial de la educación:
Remainder of title desde los orígenes hasta 1515 /
Statement of responsibility, etc. Publicado bajo la dirección de Gastón Mialaret y Jean Vial
260 ## - PUBLICATION, DISTRIBUTION, ETC.
Place of publication, distribution, etc. Buenos Aires:
Name of publisher, distributor, etc. Universidad de Palermo,
Date of publication, distribution, etc. 2010
300 ## - PHYSICAL DESCRIPTION
Extent 2 v. 395 p.
490 ## - SERIES STATEMENT
Serie Educación Superior (Universidad de Palermo)
504 ## - BIBLIOGRAPHY, ETC. NOTE
Bibliography, etc. note Índice al final de cada tomo con numeración distinta
505 ## - FORMATTED CONTENTS NOTE
Title TOMO I: GENERALIDADES: LA EDUCACIÓN FUERA DE EUROPA:
-- Las fuentes de la historia de la educación --
-- La educación dentro de una sociedad sin escritura --
-- La educación dentro de una sociedad sin escritura --
-- La educación en el antiguo Egipto --
-- La educación en al China Antigua y Medieval --
-- La educación en India en la Antigüedad y la Edad Media --
-- La educación en el Japón Antiguo y Medieval --
-- TOMO II: LA EDUCACIÓN EN EUROPA Y DENTRO DEL ISLAM.
-- Los orígenes de la "pedagogía" griega y romana --
-- La educación dentro de la Alta Edad Media en los siglos VI y XI --
-- La educación bizantina --
-- La educación dentro del mundo islámico medieval --
-- Universidades y escuelas medievales --
-- El mundo eslavo --
-- La educación dentro del mundo escandinavo hasta el siglo XVI --
-- Técnicas pedagógicas
650 14 - SUBJECT ADDED ENTRY--TOPICAL TERM
9 (RLIN) 287
Topical term or geographic name entry element Educación
Form subdivision historia
Chronological subdivision Siglo XVI
700 ## - ADDED ENTRY--PERSONAL NAME
9 (RLIN) 2934
Personal name Mialaret, Gaston
Relator term Dir.
700 ## - ADDED ENTRY--PERSONAL NAME
9 (RLIN) 3868
Personal name Vial, Jean
Relator term Dir.
830 #0 - SERIES ADDED ENTRY--UNIFORM TITLE
9 (RLIN) 328
Uniform title Educación superior (Universidad de Palermo)
942 ## - ADDED ENTRY ELEMENTS (KOHA)
Source of classification or shelving scheme
Koha item type Libros
Edition 22
Existencias
Withdrawn status Lost status Source of classification or shelving scheme Damaged status Not for loan Permanent Location Current Location Date acquired Inventory number Full call number Barcode Date last seen Copy number Price effective from Koha item type
          Biblioteca ISALUD. Dr. Néstor Rodríguez Campoamor Biblioteca ISALUD. Dr. Néstor Rodríguez Campoamor 2025-11-13 1128 370.9 M58 1128 2025-11-13 t. 1 2025-11-13 Libros
          Biblioteca ISALUD. Dr. Néstor Rodríguez Campoamor Biblioteca ISALUD. Dr. Néstor Rodríguez Campoamor 2025-11-13 1129 370.9 M58 1129 2025-11-13 t. 2 2025-11-13 Libros